Szczegóły MARC21

Becoming Jane Austen : the true love story : that inspired the classic novels /

005 -DATA I CZAS OSTATNIEJ MODYFIKACJI [,]
    • @
    • pole kontrolne
    • 20100722134516.0
020 -Międzynarod. znormalizowany nr książki - ISBN [ , ]
    • a
    • Numer ISBN
    • 9781567318944 Find
020 -Międzynarod. znormalizowany nr książki - ISBN [ , ]
    • a
    • Numer ISBN
    • 1567318940 Find
040 -Instytucja sporządzająca opis [ , ]
    • a
    • Instytucja, która sporządziła opis (NP)
    • SZCZ U/KLR
    • c
    • Instytucja, która sporządziła rekord (NP)
    • SZCZ U/KLR
    • d
    • Instytucja, która zmodyfikowała rekord (P)
    • SZCZ U/AP
041 -Język dokumentu [0, ]
    • a
    • Język tekstu (P)
    • angielski
044 -Kraj miejsca wydania [ , ]
    • a
    • Kraj miejsca wydania
    • USA
942 -Rodzaj dokumentu [ , ]
    • c
    • Rodzaj dokumentu
    • Książka
100 -Hasło główne - nazwa osobowa [1, ]
    • 9
    • KHW
    • 15551
    • a
    • Nazwa osobowa (NP)
    • Spence, Jon.
245 -Strefa tytułu i oznaczenia odpowiedzialności [1,0]
    • a
    • Tytuł
    • Becoming Jane Austen : Find
    • b
    • Ciąg dalszy tytułu (NP)
    • the true love story : that inspired the classic novels / Find
    • c
    • Pozostałe elementy strefy tytułu i oznaczenia odpowiedzialności (NP)
    • Jon Spence.
260 -Strefa adresu wydawniczego [ , ]
    • a
    • Miejsce wydania (P)
    • New York :
    • b
    • Nazwa wydawcy (P)
    • MJF Books,
    • c
    • Data wydania (P)
    • cop. 2003.
300 -Strefa opisu fizycznego [ , ]
    • a
    • Określenie formy książki i/lub objętość (NP)
    • XII, 294 s. :
    • b
    • Oznaczenie ilustracji (NP)
    • il. ;
    • c
    • Format (NP)
    • 21 cm.
504 -Uwaga dot. bibliogr. załącznikowej [ , ]
    • a
    • Uwaga dot. bibliografii załącznikowej
    • Bibliogr. Ind.
080 -Uniwersalna Klasyfikacja Dziesiętna [ , ]
    • 2
    • Identyfikator wydania tablic
    • UDC-P058
    • 9
    • UKD
    • 6952
    • a
    • Symbol klasyfikacji
    • 929-052
    • b
    • Dopowiedzenie
    • Biografie zbiorowe.
    • 4
    • UKD2
    • 8205
    • x
    • Poddział wspólny
    • "17/18"
    • c
    • Dopowiedzenie poddz. wspólnego
    • Wiek XVIII/XIX.
    • 4
    • UKD2
    • 8167
    • x
    • Poddział wspólny
    • (410)
    • c
    • Dopowiedzenie poddz. wspólnego
    • (Zjednoczone Królestwo Wielkiej Brytanii i Irlandii Północnej).
    • 4
    • UKD2
    • 7644
    • x
    • Poddział wspólny
    • =111
    • c
    • Dopowiedzenie poddz. wspólnego
    • =Język angielski.
080 -Uniwersalna Klasyfikacja Dziesiętna [ , ]
    • 2
    • Identyfikator wydania tablic
    • UDC-P058
    • 9
    • UKD
    • 8239
    • a
    • Symbol klasyfikacji
    • 821.111(091)A/Z
    • b
    • Dopowiedzenie
    • Literatura angielska (historia). Poszczególni pisarze.
    • 4
    • UKD2
    • 8205
    • x
    • Poddział wspólny
    • "17/18"
    • c
    • Dopowiedzenie poddz. wspólnego
    • Wiek XVIII/XIX.
    • 4
    • UKD2
    • 7644
    • x
    • Poddział wspólny
    • =111
    • c
    • Dopowiedzenie poddz. wspólnego
    • =Język angielski.
980 -Symbol UKD [ , ]
    • a
    • UKD
    • 929-052(410):821.111(091)Austen J.]"17/18"=111
920 -ISBN [ , ]
    • a
    • ISBN
    • 978-1-56731-894-4 Find
920 -ISBN [ , ]
    • a
    • ISBN
    • 1-56731-894-0 Find
Obwoluta Sygnatura Data inwentaryzacji Lokalizacja Status udost. Numer inwentarzowy
1ANG. Jane Austen 092010-06-07BM1A.8660